000 00471nam a2200193 a 4500
001 1766807344819
003 YourLibrary
005 20251229124542.0
008 251227s1999##################000#0#eng##
020 _a9780195121339
082 0 4 _a234.163
_bFLW
100 1 _aElwood, Christopher,
_eauthor.
245 1 0 _aThe Body Broken :
260 _c1999.
300 _a264 pages
650 0 _aHistory.
942 _cENGLISH
040 _aYourLibrary
_beng
_cYourLibrary
999 _c605877
_d605877